000 00562nam a2200193Ia 4500
001 1018
003 GE_BSU
008 181216s||||||||xx |||||||||||||| ||und||
040 _cGE_BSU
080 _a82.0+7
245 _aРитм.Пространство и время в литературе и искусстве.
260 _aЛенинград
260 _b,,Наука
260 _c1974
300 _a299 с.
541 _h8 л.
653 _aРитм.Пространство и время в литературе и искусстве.
942 _cBK
999 _c35173
_d35173